000 00449nam a2200145Ia 4500
003 OSt
005 20260128105832.0
008 211028s2017 xx 000 0 und d
040 _cAIMIT LIBRARY
041 _aeng
100 _aFernandies, Sunny Joyson;Nazareth, Teresa.
_g1516166
_97738
245 _aStudy on the impact of visual merchandising on sales at big bazaar Mangalore /
260 _aMangalore
_bTeresa Nazareth.
_c2017
942 _2ddc
_cPRO
999 _c219306
_d219306